[Event "Challenge"]
[Site "http://www.queenalice.com/game.php?id=217524"]
[Date "2007.5.28"]
[Round "-"]
[White "decastella"]
[Black "eduardofelix"]
[Result "1-0"]
[WhiteElo "1561"]
[BlackElo "1474"]

1. e4 e5 2. Nf3 f6 3. d4 Bb4+ 4. Bd2 Bxd2+ 5. Qxd2 a6 6. Bc4 Nh6 7. O-O d6 8. h3
Nc6 9. c3 Na5 10. Bb3 Nxb3 11. axb3 Be6 12. d5 Bf7 13. Re1 Qd7 14. c4 c5 15. Qa5
O-O 16. b4 Rfc8 17. bxc5 Rxc5 18. Qc3 f5 19. b3 Rcc8 20. Qb4 Bg6 21. Nbd2 fxe4
22. Nxe4 Nf5 23. c5 Bf7 24. Nxd6 Nxd6 25. Nxe5 Qf5 26. cxd6 Bxd5 27. d7 Rd8 28.
Ra5 Be6 29. Rd1 Qh5 30. Rd3 Qg5 31. Qxb7 Bf5 32. Qd5+ Kh8 33. Nf7+ Kg8 34. Nxg5+
1-0

[Event "Challenge"]
[Site "http://www.queenalice.com/game.php?id=219503"]
[Date "2007.6.1"]
[Round "-"]
[White "sandrolemos"]
[Black "decastella"]
[Result "0-1"]
[WhiteElo "1554"]
[BlackElo "1582"]

1. Nf3 Nf6 2. b4 g6 3. e3 d5 4. c3 a6 5. c4 Bf5 6. cxd5 Bxb1 7. Rxb1 Nxd5 8. Rb3
e6 9. e4 Nxb4 10. Ba3 N4c6 11. g3 Nd4 12. Rd3 Nbc6 13. Bb2 Bc5 14. Qc1 Qd6 15.
Nxd4 Bxd4 16. Qd1 O-O-O 17. h4 Qe5 18. Bg2 Bxb2 19. f4 Qb5 20. Bf1 Rhe8 21. Rb3
Qa4 22. Rh2 Qxa2 23. Qc2 Qa1+ 24. Ke2 Nd4+ 25. Kd3 Qxf1+ 26. Ke3 Nxc2# 0-1

[Event "Challenge"]
[Site "http://www.queenalice.com/game.php?id=219733"]
[Date "2007.6.2"]
[Round "-"]
[White "decastella"]
[Black "jovy1097"]
[Result "0-1"]
[WhiteElo "1597"]
[BlackElo "1717"]

1. e4 c6 2. d4 d5 3. Nc3 dxe4 4. Nxe4 Bf5 5. Nc3 e6 6. a3 Nf6 7. f3 Nbd7 8. Bd3
Bxd3 9. Qxd3 Be7 10. Be3 O-O 11. O-O-O b5 12. Bg5 a5 13. Bxf6 Nxf6 14. Na2 Nd5
15. Ne2 b4 16. a4 Rb8 17. b3 Rc8 18. c4 bxc3 19. Naxc3 Bg5+ 20. Kb2 Nb4 21. Qc4
Re8 22. f4 Bf6 23. Rhf1 Nd5 24. Rf3 Be7 25. Kc2 c5 26. Rh3 cxd4 27. Qxd4 Bf6 28.
Qd3 Nb4+ 29. Kd2 Nxd3 30. Rxd3 Qc7 31. Nb5 Qc2+ 32. Ke3 Red8 33. Nd6 Rc7 34. Nb7
Rxd3+ 35. Rxd3 Rxb7 0-1

[Event "Challenge"]
[Site "http://www.queenalice.com/game.php?id=220518"]
[Date "2007.6.4"]
[Round "-"]
[White "decastella"]
[Black "Inaki"]
[Result "0-1"]
[WhiteElo "1597"]
[BlackElo "1788"]

1. e4 c5 2. Nf3 Nc6 3. Nc3 d6 4. d4 cxd4 5. Nxd4 Nf6 6. f3 e5 7. Nxc6 bxc6 8.
Bc4 Bb7 9. Bg5 Be7 10. Bxf6 Bxf6 11. g3 O-O 12. Qd2 Bg5 13. f4 exf4 14. h4 Bf6
15. gxf4 Bxh4+ 16. Ke2 d5 17. exd5 Re8+ 18. Kd1 Bf6 19. Rh5 Qb6 20. Ne2 g6 21.
Rh1 Rad8 22. c3 cxd5 23. Bd3 d4 24. Rf1 dxc3 25. bxc3 Ba6 26. Rb1 Qxb1+ 27. Bxb1
Rxd2+ 28. Kxd2 Rxe2+ 29. Kc1 Rc2+ 30. Kxc2 Bxf1 31. Kb3 h5 32. f5 Kg7 0-1

[Event "Challenge"]
[Site "http://www.queenalice.com/game.php?id=221249"]
[Date "2007.6.6"]
[Round "-"]
[White "eduardofelix"]
[Black "decastella"]
[Result "1-0"]
[WhiteElo "1495"]
[BlackElo "1568"]

1. e4 c5 2. Bc4 e6 3. Nf3 Nc6 4. c3 Nf6 5. d3 d6 6. d4 Na5 7. Bd3 c4 8. Bc2 b5
9. b4 Nb7 10. O-O Be7 11. Na3 a6 12. Re1 O-O 13. e5 Nd5 14. Bd2 a5 15. Bb1 axb4
16. Nxb5 bxc3 17. Qc2 f5 18. Nxc3 Nxc3 19. Qxc3 d5 20. Qc1 Qd7 21. Bf4 Bd8 22.
Ng5 Bxg5 23. Bxg5 Na5 24. Qc2 Ba6 25. Qc3 Qe8 26. Qxa5 Qh5 27. Be7 Rfe8 28. Ba3
c3 29. Qxc3 Rec8 30. Bc5 Qg4 31. h3 Qh4 32. Bd3 f4 33. Bxa6 Rxa6 34. a4 Rc7 35.
f3 Rc8 36. a5 Qd8 37. Qd3 Rxa5 38. Rxa5 Qxa5 39. Qb1 Qd8 40. Bb6 Qd7 41. Rc1 Rb8
42. Rc3 g6 43. Rb3 Rc8 44. Bc5 Qe8 45. h4 Ra8 46. Bb4 Rc8 47. Bd2 Qf8 48. Rc3
Rb8 49. Qc1 Qd8 50. Be1 Qf8 51. Kh2 Re8 52. Kh3 h5 53. Qb1 Rc8 54. Qxg6+ Kh8 55.
Qxh5+ Kg8 56. Qg6+ 1-0

[Event "Desempate"]
[Site "http://www.queenalice.com/game.php?id=221262"]
[Date "2007.6.6"]
[Round "-"]
[White "decastella"]
[Black "txukahamae"]
[Result "0-1"]
[WhiteElo "1548"]
[BlackElo "1648"]

1. e4 Nf6 2. Nc3 d5 3. exd5 Nxd5 4. Bc4 Nb6 5. Bb3 c5 6. Qe2 e6 7. Nf3 Nc6 8.
O-O Be7 9. d3 O-O 10. Qe4 Nd7 11. Re1 Nf6 12. Qa4 Bd7 13. Qb5 Qc7 14. d4 Nxd4
15. Qd3 Nxb3 16. axb3 b6 17. Be3 Ng4 18. h3 Nxe3 19. Rxe3 Rad8 20. Qe2 Bc6 21.
Nb5 Bxb5 22. Qxb5 Qd7 23. Qe2 h6 24. Ne5 Qc7 25. c3 Rd5 26. c4 Rdd8 27. Qf3 Bf6
28. Nc6 Rd6 29. Nxa7 Bxb2 30. Nb5 Qe7 31. Nxd6 Bxa1 32. Nf5 Qd8 33. Rd3 Qf6 34.
Nh4 Qxf3 35. Nxf3 Bf6 36. Rc3 Bxc3 37. Nh4 Rd8 0-1

[Event "O 3º DESAFIO"]
[Site "http://www.queenalice.com/game.php?id=221304"]
[Date "2007.6.6"]
[Round "-"]
[White "ManofBlack"]
[Black "decastella"]
[Result "0-1"]
[WhiteElo "1448"]
[BlackElo "1536"]

1. c3 c6 2. d4 d5 3. h3 h6 4. Nd2 Nd7 5. Ndf3 c5 6. dxc5 Nxc5 7. b4 Ne4 8. Ne5
Qb6 9. Be3 Qb5 10. g3 e6 11. a4 Qa6 12. f3 Nxc3 13. Qc2 Bxb4 14. Bd2 Qa5 15. Rc1
Nxa4 16. Nc6 Qb5 17. e4 Qxc6 18. Qd3 Bxd2+ 19. Qxd2 Qb6 20. exd5 exd5 21. Qe2+
Be6 22. Qe5 Nf6 23. Bd3 O-O 24. Ne2 Rfe8 25. g4 Bd7 26. Qf4 Nc5 27. Rb1 Nxd3+
28. Kd2 Nxf4 29. Rxb6 Rxe2+ 30. Kd1 axb6 31. Re1 Ba4+ 32. Kc1 Nd3+ 33. Kb1 Rxe1+
34. Ka2 Bc2# 0-1

[Event "Challenge"]
[Site "http://www.queenalice.com/game.php?id=222460"]
[Date "2007.6.8"]
[Round "-"]
[White "sandrolemos"]
[Black "decastella"]
[Result "0-1"]
[WhiteElo "1347"]
[BlackElo "1540"]

1. e4 e5 2. d3 Bc5 3. Be3 Bxe3 4. fxe3 Nf6 5. Nc3 O-O 6. d4 d5 7. Qf3 Bg4 8. Qf2
exd4 9. Nb5 dxe3 10. Qxe3 dxe4 11. Qc3 Re8 12. h3 Nd5 13. Qb3 Be6 14. h4 c6 15.
Nd4 Qa5+ 16. c3 Bg4 17. Rc1 b6 18. Be2 Ne3 19. h5 Nxg2+ 20. Kf2 Qg5 21. Nh3 Qe3+
22. Kxg2 Bxe2 23. Rce1 Bf3+ 24. Nxf3 Qxf3+ 25. Kh2 Nd7 26. Rhf1 Qxh5 27. Rd1 Re7
28. Rg1 Ne5 29. Rd2 Nf3+ 30. Kg2 Nxd2 31. Nf2 Nxb3 32. axb3 Qf3+ 33. Kf1 e3 34.
Ke1 exf2+ 35. Kd2 fxg1=Q 36. Kc2 Re2# 0-1

[Event "Challenge"]
[Site "http://www.queenalice.com/game.php?id=224736"]
[Date "2007.6.14"]
[Round "-"]
[White "Inaki"]
[Black "decastella"]
[Result "1-0"]
[WhiteElo "1852"]
[BlackElo "1573"]

1. e4 c5 2. Nf3 e6 3. c3 d5 4. exd5 Qxd5 5. d4 a6 6. c4 Qe4+ 7. Be2 cxd4 8. O-O
Nc6 9. Nbd2 Qf5 10. Re1 Bb4 11. Qa4 Ne7 12. Nxd4 Qg5 13. N4f3 Qf5 14. a3 Bd6 15.
Nd4 Qc5 16. Nxc6 bxc6 17. Ne4 Qe5 18. Nxd6+ Qxd6 19. b4 O-O 20. Qc2 e5 21. Bb2
Bf5 22. Qc3 f6 23. Rad1 Qc7 24. Bc1 c5 25. Be3 cxb4 26. axb4 Qc6 27. Bc5 Rfe8
28. Rd6 Qc7 29. Red1 a5 30. Bb6 Qb7 31. Bxa5 Nc6 32. h3 Nd4 33. Bf1 Rac8 34.
R6xd4 exd4 35. Qxd4 Re5 36. c5 Bd7 37. Qxd7 Qxd7 38. Rxd7 Ra8 39. Rd8+ Rxd8 40.
Bxd8 Re1 41. c6 1-0

[Event "Let's Play Chess!"]
[Site "http://www.queenalice.com/game.php?id=224745"]
[Date "2007.6.14"]
[Round "-"]
[White "decastella"]
[Black "adlerburg"]
[Result "0-1"]
[WhiteElo "1584"]
[BlackElo "1697"]

1. e4 e6 2. Nf3 d5 3. Nc3 Nf6 4. e5 Ne4 5. Bd3 Bc5 6. Bxe4 dxe4 7. Nxe4 Nd7 8.
d4 Bb4+ 9. Bd2 Qe7 10. O-O b6 11. c3 Bb7 12. Bg5 f6 13. exf6 gxf6 14. Bxf6 Nxf6
15. Nxf6+ Qxf6 16. cxb4 O-O-O 17. Ne5 Qg7 18. g3 Rd5 19. Re1 Rhd8 20. Qb3 R8d6
21. Rad1 Rxd4 22. Rxd4 Rxd4 23. Qxe6+ Kb8 24. Qe8+ Bc8 25. Nc6+ Kb7 26. b5 Qf6
27. Re6 Rd1+ 28. Kg2 Qxe6 29. Qh5 Qe4+ 30. f3 Qe2# 0-1

[Event "Let's Play Chess!"]
[Site "http://www.queenalice.com/game.php?id=224747"]
[Date "2007.6.14"]
[Round "-"]
[White "adlerburg"]
[Black "decastella"]
[Result "1-0"]
[WhiteElo "1684"]
[BlackElo "1597"]

1. c4 Nf6 2. Nc3 g6 3. e4 e5 4. Nf3 Nc6 5. d3 Bb4 6. Qd2 d6 7. Qh6 Nd4 8. Ng5
Nc2+ 9. Ke2 Nxa1 10. Qg7 Rf8 11. Nxh7 Nxh7 12. Bh6 Be6 13. Qxh7 Kd7 14. Bxf8
Qxf8 15. Kd2 Qe7 16. g3 Qg5+ 17. Kd1 Bg4+ 18. Be2 Bxe2+ 19. Kxe2 Nc2 20. Qxf7+
Kc6 21. Qd5+ Kd7 22. Qxb7 Nd4+ 23. Kf1 Qc1+ 24. Kg2 Qxb2 25. Rb1 Qxc3 26. Qxa8
Bc5 27. Rb8 Ne6 28. Rg8 g5 29. Qe8# 1-0

[Event "Challenge"]
[Site "http://www.queenalice.com/game.php?id=227652"]
[Date "2007.6.19"]
[Round "-"]
[White "decastella"]
[Black "adlerburg"]
[Result "1-0"]
[WhiteElo "1548"]
[BlackElo "1728"]

1. e4 e6 2. d4 d5 3. e5 c5 4. c3 Nc6 5. Be3 g6 6. Nf3 Bg7 7. Bb5 Ne7 8. dxc5 Bd7
9. Bxc6 Bxc6 10. O-O Bb5 11. Re1 O-O 12. Bg5 Bc6 13. b4 h6 14. Bf4 Nf5 15. Bg3
d4 16. cxd4 Bxf3 17. gxf3 Nxd4 18. Re4 Nc6 19. Nd2 Qg5 20. b5 Bxe5 21. f4 Qh5
22. Qxh5 gxh5 23. fxe5 f5 24. bxc6 fxe4 25. cxb7 Rad8 26. Nxe4 Rd4 27. c6 Rc4
28. Rb1 Rb8 29. Nf6+ Kf7 30. Nd7 1-0

[Event "Challenge"]
[Site "http://www.queenalice.com/game.php?id=227653"]
[Date "2007.6.19"]
[Round "-"]
[White "adlerburg"]
[Black "decastella"]
[Result "1-0"]
[WhiteElo "1719"]
[BlackElo "1549"]

1. c4 e5 2. Nc3 Nc6 3. e4 Nf6 4. Nf3 Bb4 5. d4 exd4 6. Nxd4 Nxe4 7. Bd2 Nxd4 8.
Nxe4 Qe7 9. Bd3 Bxd2+ 10. Qxd2 f5 11. Bb1 c5 12. Qg5 Qf7 13. Nd6+ Kf8 14. Qd8+
Qe8+ 15. Qxe8# 1-0

[Event "Challenge"]
[Site "http://www.queenalice.com/game.php?id=229706"]
[Date "2007.6.23"]
[Round "-"]
[White "HHV"]
[Black "decastella"]
[Result "0-1"]
[WhiteElo "1197"]
[BlackElo "1573"]

1. e4 c5 2. Bc4 e6 3. Nf3 Nc6 4. Nc3 g6 5. h4 Bg7 6. O-O Bf6 7. Qe2 Nge7 8. Nh2
O-O 9. Ng4 Nd4 10. Qd3 d6 11. Nxf6+ Kg7 12. Ng4 e5 13. Qe3 Bxg4 0-1

[Event "Novamente "]
[Site "http://www.queenalice.com/game.php?id=232628"]
[Date "2007.6.30"]
[Round "-"]
[White "ManofBlack"]
[Black "decastella"]
[Result "0-1"]
[WhiteElo "1487"]
[BlackElo "1611"]

1. c3 g6 2. Nf3 Bg7 3. e3 Nf6 4. Bc4 d5 5. Bb5+ Bd7 6. Qa4 O-O 7. Qb3 c6 8. Bd3
Qc7 9. g3 e5 10. Ng5 e4 11. Bf1 Be6 12. h4 d4 13. Qc2 d3 14. Qd1 Bg4 15. Qb3 c5
16. Qc4 b6 17. Bh3 Qe7 18. Rh2 Bxh3 19. Rxh3 Nbd7 20. f4 h6 21. Nxe4 Nxe4 22.
Qxd3 Qe6 23. Rh2 Nxg3 24. b4 Rad8 25. Kf2 Ne4+ 26. Ke1 cxb4 27. Bb2 Ndc5 28. Qb5
bxc3 29. dxc3 Rd3 30. Qb4 Rxe3+ 31. Re2 Nd3+ 32. Kf1 Rf3+ 33. Kg2 Qg4+ 34. Kh1
Rf1+ 35. Kh2 Qg3# 0-1

[Event "Let's Play Chess!"]
[Site "http://www.queenalice.com/game.php?id=233965"]
[Date "2007.7.3"]
[Round "-"]
[White "Sertori"]
[Black "decastella"]
[Result "0-1"]
[WhiteElo "1437"]
[BlackElo "1575"]

1. e4 e5 2. Bc4 Nc6 3. Nf3 Bc5 4. d4 exd4 5. O-O Qe7 6. Re1 Ne5 7. Nxe5 Qxe5 8.
Qf3 Nf6 9. Bf4 Qe7 10. e5 O-O 11. Nd2 Ne8 12. Ne4 Bb6 13. Bg5 Qb4 14. Bb3 Bc5
15. Nf6+ gxf6 16. exf6 d3 17. Qg3 Bxf2+ 18. Kxf2 Kh8 19. Qxd3 Qg4 20. Qd2 c6 21.
h3 Qf5+ 22. Kg1 d5 23. Rf1 Qe5 24. Rae1 Qxb2 25. Rf4 Rg8 26. Rh4 Nd6 27. Qd3 Bf5
28. Qf3 Rxg5 29. Re7 Be4 30. Rexe4 Nxe4 31. Qd3 Qc1+ 32. Kh2 Rag8 33. Qf3 Rxg2+
34. Qxg2 Rxg2+ 35. Kxg2 Qd2+ 0-1

[Event "Challenge"]
[Site "http://www.queenalice.com/game.php?id=234037"]
[Date "2007.7.3"]
[Round "-"]
[White "ederdionatan"]
[Black "decastella"]
[Result "0-1"]
[WhiteElo "1033"]
[BlackElo "1571"]

1. g3 g6 2. Bg2 Bg7 3. Nf3 c5 4. O-O Nc6 5. e4 d6 6. d4 cxd4 7. Nxd4 Bxd4 8. c3
Bg7 9. Re1 Nf6 10. Nd2 O-O 11. Nc4 Bg4 12. f3 Be6 13. Nb6 Qxb6+ 14. Be3 Qxb2 15.
g4 Rad8 16. Bc1 Qxa1 0-1

[Event "Challenge"]
[Site "http://www.queenalice.com/game.php?id=236104"]
[Date "2007.7.7"]
[Round "-"]
[White "GeGo"]
[Black "decastella"]
[Result "1-0"]
[WhiteElo "1709"]
[BlackElo "1587"]

1. d4 d5 2. Bf4 e6 3. e3 Bd6 4. Bxd6 Qxd6 5. c4 dxc4 6. Bxc4 Qc6 7. Bxe6 Bxe6 8.
b3 Qxg2 9. Qf3 Bd5 10. Qg3 g6 11. Qe5+ Kf8 12. Qxh8 Qxh1 13. Qxh7 Qxg1+ 14. Ke2
Qg4+ 15. Ke1 1-0